000
00185 a2200097 4500
020
_a
9789992467176
041
_a
spa
100
_a
Ortega Reyes, Ovidio
245
_a
Mis Oidos
942
_c
BK
999
_c
4969
_d
4969